Elkísérés nélküli gyász első világháborús magyar zsidó hősi halottak gyászhíreinek antropológiai vizsgálata a budapesti magyar nyelvű zsidó lapokban /

The study analyses the structure of the war obituaries published by the Hungarian Neolog and Zionist press. The Hungarian language Jewish press(Egyenlőség, Zsidó Szemle) create a modern forum that served both as a medium for the flow of information and a tool of cultural change....

Teljes leírás

Elmentve itt :
Bibliográfiai részletek
Szerző: Zima András
Testületi szerző: A Nagy Háború hatása a mindennapok kultúrájának változására (2015) (Szeged)
Dokumentumtípus: Könyv része
Megjelent: 2018
Sorozat:A vallási kultúrakutatás könyvei
A Nagy Háború hatása a mindennapok kultúrájának változására
Kulcsszavak:Világháború - 1., Háborús veszteségek - Magyarország - 20. sz., Halál - néphit - zsidó
Tárgyszavak:
Online Access:http://acta.bibl.u-szeged.hu/67535
LEADER 02524naa a2200253 i 4500
001 acta67535
005 20211004081400.0
008 200407s2018 hu o 0|| hun d
020 |a 978-963-306-601-0 
022 |a 2064-4825 
040 |a SZTE Egyetemi Kiadványok Repozitórium  |b hun 
041 |a hun 
100 1 |a Zima András 
245 1 0 |a Elkísérés nélküli gyász   |h [elektronikus dokumentum] :  |b első világháborús magyar zsidó hősi halottak gyászhíreinek antropológiai vizsgálata a budapesti magyar nyelvű zsidó lapokban /  |c  Zima András 
260 |c 2018 
300 |a 487-497 
490 0 |a A vallási kultúrakutatás könyvei 
490 0 |a A Nagy Háború hatása a mindennapok kultúrájának változására 
520 3 |a The study analyses the structure of the war obituaries published by the Hungarian Neolog and Zionist press. The Hungarian language Jewish press(Egyenlőség, Zsidó Szemle) create a modern forum that served both as a medium for the flow of information and a tool of cultural change. The publications reflect wider social processes within the information ecosystem, whereas the ‘facts’ found in them can give an insight solely into the ambitions of the editorial circle and the institutional elite behind the certain paper. The obituary, which is part of the war propaganda and hero worship that mobilised the Jewry shows similarities within the Central European Ashkenazi population. In the Central European states the Jews who were granted civil rights identified with the modern notions of national identity –within varying frameworks.From the time of death to the burial, the mourner's sole responsibility iscaring for the deceased and preparing for the burial. This period is known as aninut.During this time, the mourners are exempt from all positive commandments, because the preparations take first priority. This period usually lasts a day or two; Judaism requires prompt burial. During the war it was difficult for the relatives to mourn their heroes in traditional Jewish way. 
650 4 |a Bölcsészettudományok 
650 4 |a Történettudomány és régészet 
695 |a Világháború - 1., Háborús veszteségek - Magyarország - 20. sz., Halál - néphit - zsidó 
710 |a A Nagy Háború hatása a mindennapok kultúrájának változására (2015) (Szeged) 
856 4 0 |u http://acta.bibl.u-szeged.hu/67535/1/vallasi_kulturakutatas_konyvei_035_487-497.pdf  |z Dokumentum-elérés